Veľké dejiny robili primalí ľudia

Bibliographic Details
Main Author: Lipták, Ľubomír, 1930-2003 (Author)
Format: Article
Language:Slovak
PhysicalDescription:Fotogr.
ISSN:1335-4701
Subjects:

MARC

LEADER 00000nab a2200000 a 4500
001 vtls000777837
003 SK-MaSNL
005 20260302152841.0
008 160127c2001 xo 0 slo
015 |a SNBRB2001/12-35459 
035 |a CLN000129618 
040 |a SNKBUCL  |b slo  |c SNKBUCL  |e AACR2 
041 0 |a slo 
044 |a xo  |c SK 
080 |a 943.7"195/..."  |2 1997 
080 |a 943.71/.72"195/...":943.76"195/..."  |2 1997 
080 |a 943.76"19"  |2 1997 
100 1 |a Lipták, Ľubomír,  |d 1930-2003  |4 aut  |9 105323 
245 1 0 |a Veľké dejiny robili primalí ľudia  |c Ľubomír Lipták 
300 |b Fotogr. 
650 0 7 |a vzťahy česko-slovenské  |y stor. 20., polovica 2.  |2 snkbucl  |9 846906 
650 0 7 |a Česi  |x Slováci  |x vzťahy  |y stor. 20., polovica 2.  |2 snkbucl  |9 846907 
650 0 7 |a Slováci  |x Česi  |x vzťahy  |y stor. 20., polovica 2.  |2 snkbucl  |9 846908 
651 7 |a Československo  |x dejiny  |y stor. 20., polovica 2.  |x vzťahy česko-slovenské  |2 snkbucl  |9 846909 
655 7 |a články z novín a časopisov  |2 snkbucl  |9 267496 
773 0 |t Hospodárske noviny  |g Roč. 9, č. 210 (30.10.2001), s. 7  |x 1335-4701 
850 |a Slovenská národná knižnica v Martine 
852 |a SNK  |b KIS3GCP 
958 |a SK 
958 |a CZ 
992 |a RBX 
999 |c 1363676  |d 1365606